000 01203nam a22003617a 4500
001 BR2013006163
003 BR-BrBNA
005 20230928104232.0
007 ta
008 230509b bl.||||| |||| 00| 0 por d
040 _aBR-BrBNA
_bpor
_cBiblioteca Nacional de Agricultura
041 _a(Por)
072 _aL02; L51
_b5213
090 _ 5213 BR2013006163
100 1 _aMolina, P.C.
110 1 _aUniversidade Federal de Minas Gerais, Belo Horizonte (Brasil). Escola de Veterinária
_0Tese (Mestre em Zootecnica)
245 1 _aDesempenho e parâmetro do metabolismo protéico de bovinos criados a pasto e suplementados no período da seca com uréia convencional e/ou ureia de liberação lenta
260 3 _aBelo Horizonte, MG (Brasil):
_c2012.
300 _a60 p.
500 _aSummariese (Eng, Por); Biblioghraphy p. 44-51; 29 tables
650 _aGADO NELORE
650 _aMETABOLISMO PROTÉICO
650 _aPERFORMANCE
650 _aRAÇÃO
650 _aUREIA
650 _aSUPLEMENTO ALIMENTAR
650 _aNUTRIÇÃO ANIMAL
650 _aBIOQUÍMICA ANIMAL
650 _aVALOR NUTRITIVO
650 _aSECA
909 _a202309
_bLucia
_c55
_dLucia Elande
942 _cBK
999 _c78835
_d78835